Paroles - Babel Babel, Indochine - Statistiques

Statistiques générales
  • Ce quiz a été pris 34 fois
  • Le résultat moyen est 280 sur 315
Statistiques - réponses
Réponse % Correct
ciel
100%
dans
100%
Dans
100%
de
100%
dos
100%
est
100%
Et
100%
et
100%
était
100%
fois
100%
Il
100%
il
100%
100%
la
100%
le
100%
Le
100%
les
100%
Les
100%
papillons
100%
roi
100%
toi
100%
un
100%
Un
100%
une
100%
Une
100%
vivant
100%
à
94%
a
94%
Babel
94%
ce
94%
derrière
94%
drapeau
94%
haine
94%
nuit
94%
Oh !
94%
Oh ! oh ! oh ! oh !
94%
soldats
94%
sont
94%
blanc
89%
cerf-volant
89%
mais
89%
Mais
89%
s'en
89%
traquée
89%
ça
83%
cause
83%
C'est
83%
contre
83%
des
83%
Des
83%
encore
83%
moi
83%
mon
83%
on
83%
On
83%
oublie
83%
si
83%
vie
83%
avant
78%
balle
78%
horizons
78%
ira
78%
jour
78%
lèvera
78%
se
78%
tout
78%
balles
72%
beau
72%
juste
72%
loin
72%
lui
72%
qui
72%
rodéo
72%
vivants
72%
bruit
67%
choix
67%
d'être
67%
ennemis
67%
fait
67%
nous
67%
prêt
67%
sans
67%
Sans
67%
savoir
67%
sera
67%
combattant
61%
Comme
61%
comme
61%
différents
61%
écho
61%
océan
61%
qu'il
61%
ses
61%
blase
56%
l'incompris
56%
ne
56%
Plus
56%
tangages
56%
temps
56%
comprend
50%
comprendra
50%
langages
50%
personne
50%
aimera
44%
entend
44%
Que
39%
Aucun quiz correspondant
Distribution des résultats
% des personnes avec chaque résultat
Percentile par nombre de réponses
Votre historique - résultats
Vous n’avez pas pris ce quiz